Statistics for Ultimate Jimmy Carter Quiz

Click here to take the quiz!

General Stats

  • This quiz has been taken 27 times
  • The average score is 21 of 40

Answer Stats

HintAnswer% Correct
What is his political party?Democrat
96%
What is Carter's actual first name?James
96%
Who was Carter's predecessor?Gerald Ford
88%
Who was Carter's successor?Ronald Reagan
88%
He was elected president on what year?1977
84%
What state was he born and was the governor of?Georgia
84%
In his early life, he was a farmer. What crop did he farm?Peanuts
84%
Finally, what year was Jimmy Carter born in?1924
76%
How many times have Jimmy Carter won a Grammy award?3
76%
Who was the president of the United States when Carter was born?Calvin Coolidge
72%
What is his middle name?Earl
72%
What was a downside to his presidency where economically, this factor rose to 13.5% in 1980?Inflation
72%
In 1978, he negotiates peace with Egypt and what other country?Israel
72%
Who was Carter's Vice President?Walter Mondale
72%
Carter negotiated two U.S. treaties with what country, making decisions about its canal?Panama
68%
What is the name of his wife?Rosalynn
68%
On what year did he get married?1946
64%
What stratovolcano erupted in Washington State during 1980?Mount Saint Helens
60%
Carter pardoned citizens who had refused to fight in what war?Vietnam War
60%
What year did he receive the Nobel Peace Prize?2002
56%
What is Jimmy Carter's favorite color?Blue
56%
After the Soviet Union invaded Afghanistan, Carter protested by having the United States boycott what?Olympics
56%
Carter wore this to conserve energy in the White House.Sweater
52%
Jimmy Carter was the first president to be born in a what?Hospital
48%
What was a significant factor that contributed to Carter's loss in the election of 1980 due to a hostage situation that held 52 U.S. diplomats and citizens?
Iran Hostage Crisis
48%
In millions, what is Jimmy Carter's net worth? (according to Wikipedia)9
44%
After his presidency, what organization did he strongly support?Habitat for Humanity
40%
What year was Carter was elected to the Georgia State Senate?1962
36%
In 1982, he founded the ______ ______, which has played an active role in human rights and disease prevention issues globallyCarter Center
36%
Jimmy attended the U.S. _____ ________ at Annapolis, inspired by an uncle he admired in the military.Naval Academy
36%
In 1994, Carter negotiated with what country to end their nuclear weapons program?North Korea
36%
What nuclear accident occurred in 1979 in Pennsylvania?Three Mile Island
36%
In 2011, Carter told The Guardian that this was his favorite president for not trying to profit off of his presidency.Harry Truman
28%
Carter also served as a professor at what university?Emory
20%
What is Jimmy Carter's astrological sign?Libra
20%
What is the name of Carter's oldest child?Jack
16%
First secretary of state in his cabinet.Cyrus Vance
8%
What is Carter's religion?Baptism
4%
Second secretary of state in his cabinet.Edmund Muskie
4%
In his cabinet, who was the Secretary of Labor?Ray Marshall
0%

Score Distribution

Percentile by Number Answered

Percent of People with Each Score

Your Score History

You have not taken this quiz